Geography : G - Statistics

General Stats
  • This quiz has been taken 17 times
    3 since last reset
  • The average score is 59 of 223
Answer Stats
Hint Answer % Correct
Country west of the Republic of the Congo, with a surprisingly high HDI Gabon
100%
Chain of islands belonging to Ecuador Galapagos
100%
River with a country based around it in West Africa Gambia
100%
Holy river in northern India Ganges
100%
Ancient name for France Gaul
100%
Largest city in the Palestinian territories Gaza
100%
Heavily contested strip of land on the Mediterranean Coast Gaza Strip
100%
Large city in northern Poland that was formerly called Danzig Gdansk
100%
Large and famous city in western Switzerland/Lake nearby Geneva
100%
Second largest city in the Western Cape, after Cape Town George
100%
Capital of the Cayman Islands | Largest city in Penang George Town
100%
Capital of that country Georgetown
100%
Country in the Caucasus/State in America Georgia
100%
Country that invaded Poland in 1939, starting World War Two Germany
100%
Territory of the United Kingdom bordering Spain Gibraltar
100%
City on the opposite bank of the Nile from Cairo, famous for its pyramids Giza
100%
Largest city in Scotland Glasgow
100%
Former name of this country/Popular tourist city in Australia Gold Coast
100%
Second largest city in Sweden Gothenburg
100%
City in Andalusia and the last Emirate of Iberia Granada
100%
Major coral reef and destination in Australia Great Barrier Reef
100%
Chain of large lakes in North America Great Lakes
100%
Island country in the southern Caribbean Grenada
100%
Island chain that forms a country with St. Vincent Grenadines
100%
Second largest city in Mexico/City in central Spain Guadalajara
100%
American territory in the Pacific Guam
100%
Largest city in that province Guangzhou
100%
Language spoken in Paraguay Guarani
100%
Country bordering Mexico Guatemala
100%
Capital of that country Guatemala City
100%
Largest city in Ecuador Guayaquil
100%
Country in western Africa, colonized by France Guinea
100%
Neighboring, smaller country that was colonized by Portugal Guinea-Bissau
100%
Gulf in West Africa Gulf of Guinea
100%
Body of water separating the US from Mexico Gulf of Mexico
100%
Region in northwestern Spain/Region in western Ukraine Galicia
50%
Peninsula in western Turkey and site of a bloody battle in World War One Gallipoli
50%
City in western Ireland Galway
50%
City in southern Jiangxi Ganzhou
50%
City in the Dallas Metropolitan Area Garland
50%
Name of that city in French Geneve
50%
Italian port city and former naval state Genoa
50%
Country in West Africa Ghana
50%
Third largest city in Belgium Ghent
50%
Coastal city in Asturias Gijon
50%
City in eastern Catalonia Girona
50%
New capital of Burundi Gitega
50%
Satellite city of Phoenix Glendale
50%
Small resort state on the west coast of India Goa
50%
City in southeastern Belarus Gomel
50%
Largest island in Sweden Gotland
50%
New name for Port Elizabeth Gqeberha
50%
Island in the Canaries Gran Canaria
50%
Former name of Colombia Gran Colombia
50%
City in western Michigan Grand Rapids
50%
Large city in southeastern Austria Graz
50%
Another large lake in northern Canada Great Bear
50%
Largest mountain range in Australia Great Dividing Range
50%
Lake in northern Canada, with Yellowknife on its shores Great Slave
50%
Country south of Bulgaria Greece
50%
City in northern North Carolina Greensboro
50%
City in eastern North Carolina/Northern South Carolina/City in Liberia Greenville
50%
French city in the Alps Grenoble
50%
English coastal city Grimsby
50%
Capital of Chechnya Grozny
50%
French island territory in the Caribbean Guadeloupe
50%
Most populated province in China Guangdong
50%
City in southern Cuba/US controlled territory in that region Guantanamo
50%
City in eastern Venezuela Guayana
50%
City west of Toronto Guelph
50%
Island in the English Channel Guernsey
50%
Capital of that province Guiyang
50%
Large state in western India with a distinct language Gujarat
50%
Language spoken in this state Gujarati
50%
Gulf south of Yemen Gulf of Aden
50%
Gulf between Sweden and Finland Gulf of Bothnia
50%
Gulf between Thailand, Cambodia and Vietnam Gulf of Thailand
50%
City in southern Mississippi Gulfport
50%
Country in South America that was formerly colonized by the United Kingdom Guyana
50%
Largest city in Jeolla-do province Gwangju
50%
City in northwestern Hungary Gyor
50%
City in southern Tunisia Gabes
0%
Capital of Botswana Gaborone
0%
City in central Bulgaria Gabrovo
0%
Libyan desert city on the tripoint with Tunisia and Algeria Gadamis
0%
Romanian city on the banks of the Danube Galati
0%
Lake in northern Israel Galilee
0%
City on the southwestern coast of Sri Lanka Galle
0%
Coastal city near Houston which got destroyed in a hurricane Galveston
0%
Coastal city in northeastern South Korea Gangneung
0%
Mountain region in northeastern South Korea Gangwon
0%
Largest city in western Azerbaijan Ganja
0%
Remote desert province in western China Gansu
0%
City in eastern Mali Gao
0%
Another name for Kaohsiung Gaoshung
0%
Another French city in the Alps Gap
0%
Lake and basin in western Turkmenistan Garabogazkol
0%
River running through Bordeaux and southern France Garonne
0%
City in northern Cameroon Garoua
0%
City south of Tripoli Garyan
0%
Satellite city of St. Petersburg Gatchina
0%
French-speaking city opposite Ottawa Gatineau
0%
Old name for this city Gauhati
0%
Extremely densely populated metropolitan region containing Johannesburg and Pretoria Gauteng
0%
City with the highest radiation levels in Sweden Gavle
0%
City in southern Bihar Gaya
0%
Small village in Libya where a battle was fought in World War Two Gazala
0%
Large Turkish city near the Syrian border Gaziantep
0%
Turkish name for Famagusta Gazimagusa
0%
Another city just to the north of the city above Gdynia
0%
City southeast of Istanbul Gebze
0%
Second largest city in Victoria Geelong
0%
Large province in eastern Netherlands Gelderland
0%
City near Novorossiysk Gelendzhik
0%
Town on the peninsula Gelibolu
0%
City in the Ruhr area Gelsenkirchen
0%
City in the northwest of the Democratic Republic of the Congo Gemena
0%
Remote city, east of Neuquen General Roca
0%
City in southern Mindanao General Santos
0%
City in northeastern Belgium Genk
0%
Another name for this city Gent
0%
City in eastern Thuringia Gera
0%
Town on the coast of Western Australia Geraldton
0%
Colonial name for Tanzania German East Africa
0%
Colonial name for Namibia German South West Africa
0%
Large suburb of Johannesburg Germiston
0%
City in southeastern North Macedonia Gevgelija
0%
Another name for this city Ghadames
0%
Desert city in northern Algeria Ghardaia
0%
Another name for this city Gharyan
0%
Remote Libyan city next to the border with Algeria Ghat
0%
Two mountain ranges in southern India Ghats
0%
City in the far east of Yemen Ghaydah
0%
Large city in the Delhi Metropolitan Area Ghaziabad
0%
City south of Kabul Ghazni
0%
Desert in Australia #3 Gibson
0%
City in central Hesse Giessen
0%
Fertile, low-lying region on the Caspian coast of Iran Gilan
0%
City in the disputed region of Kashmir Gilgit
0%
Pakistani administered region in the Himalayas Gilgit-Baltistan
0%
Large satellite city of Busan Gimhae
0%
Region in eastern Victoria Gippsland
0%
City on Turkey's northeastern coast Giresun
0%
Easternmost city in New Zealand Gisborne
0%
Rwandan city right next to the city above Gisenyi
0%
City in southwestern Kosovo Gjakova
0%
City in eastern Kosovo Gjilan
0%
City on the eastern coast of Queensland Gladstone
0%
Northern city in Udmurtia Glazov
0%
Satellite city west of Katowice Gliwice
0%
City in western England Gloucester
0%
City east of Poznan Gniezno
0%
Largest city in that state Goiania
0%
State surrounding Brasilia Goias
0%
Disputed area of land between Israel and Syria Golan Heights
0%
Region in northeastern Iran Golestan
0%
Term for "lake" in Turkish Golu
0%
Large Congolese city on the northern banks of Lake Kivu Goma
0%
City in eastern Nigeria Gombe
0%
Coastal city in northern Haiti Gonaives
0%
Island in western Haiti Gonave
0%
Second largest city in this region Gonbad Kavus
0%
City in eastern Uttar Pradesh Gorakhpur
0%
Most religiously Muslim city in Bosnia and Herzegovina Gorazde
0%
Largest city in this region Gorgan
0%
City west of Tbilisi Gori
0%
Italian city on the border with Slovenia Gorizia
0%
City on the border with western Poland Gorlitz
0%
Largest city in the Altai Republic Gorno-Altaysk
0%
City and state in northern Sulawesi Gorontalo
0%
Large city in Lubusz Gorzow Wielkopolski
0%
City north of Sydney Gosford
0%
Southernmost city in Lower Saxony Gottingen
0%
Town southwest of Sydney Goulburn
0%
City in eastern Minas Gerais Governador Valadares
0%
Satellite city of Seoul Goyang
0%
Mountains in western Victoria Grampians
0%
Large region in northeastern France Grand Est
0%
City in western Colorado Grand Junction
0%
Large body of water to the south of Australia Great Australian Bight
0%
Huge desert in the US Great Basin
0%
Region in western Poland Greater Poland
0%
Desert in Australia #2 Great Sandy
0%
Desert in Australia #1 Great Victoria
0%
Large city in eastern Wisconsin Green Bay
0%
City in western Pomerania Greifswald
0%
City in western Belarus Grodno
0%
City and province in the northeastern Netherlands Groningen
0%
City in southern Tuscany Grosseto
0%
Tall mountain in Austria Grossglockner
0%
Small city in northern Poland, on the banks of the Vistula Grudziadz
0%
Main city in the Solomon Islands where a fierce battle happened in the Pacific War Guadalcanal
0%
State in central Mexico Guanajuato
0%
City in western Venezuela Guanare
0%
Autonomous region in Southern China Guangxi
0%
City in eastern Portugal Guarda
0%
State which the city is in Guayas
0%
City in southern Sonora Guaymas
0%
City in northeastern Algeria Guelma
0%
City in southern Morocco Guelmim
0%
State in southern Mexico Guerrero
0%
Large city in the north of that region Guilin
0%
Province north of the region above Guizhou
0%
Large city of a million people north of Lahore Gujranwala
0%
Another large city nearby Gujrat
0%
Body of water separating Baja California from Sonora Gulf of California
0%
Large gulf in Northern Australia Gulf of Carpentaria
0%
Gulf between Finland and Estonia Gulf of Finland
0%
Gulf southeast of Iran Gulf of Oman
0%
City in eastern Uzbekistan Gulistan
0%
Coastal city in Jeollabuk-do Gunsan
0%
City in central Andhra Pradesh Guntur
0%
Another name for this city Gurgan
0%
Another name for this city Gurgaon
0%
Another large city in the Delhi Metropolitan Area Gurugram
0%
Largest city in Assam Guwahati
0%
Port city in the southwestern corner of Pakistan Gwadar
0%
City in northern Madhya Pradesh Gwalior
0%
City in central Zimbabwe Gweru
0%
Most populated region in South Korea Gyeonggi
0%
Region in southeastern South Korea Gyeongsang
0%
Second largest city in Armenia Gyumri
0%
No matching quizzes found
Score Distribution
Percent of People with Each Score
Percentile by Number Answered
Your Score History
You have not taken this quiz since the last reset